[Event "2nd 4NCL Spring Bank Holiday Congress"]
[Site "Basingstoke"]
[Date "2019.05.27"]
[Round "6.4"]
[White "Zakarian, David"]
[Black "Mladek, Richard"]
[Result "1-0"]
[WhiteElo "2341"]
[BlackElo "2268"]
[PlyCount "153"]
[EventDate "2019.05.24"]

1. e4 c5 2. b3 e6 3. Bb2 b6 4. Nf3 Bb7 5. Nc3 a6 6. d4 cxd4 7. Nxd4 Qc7 8. Bd3
Nf6 9. O-O Nc6 10. Nxc6 Qxc6 11. a3 Bd6 12. Re1 Qc7 13. h3 Be5 14. Qd2 Rc8 15.
Nd1 O-O 16. c4 d5 17. exd5 Bxb2 18. Qxb2 exd5 19. Ne3 dxc4 20. bxc4 Rcd8 21.
Red1 Rfe8 22. Rab1 Re6 23. Bf1 Be4 24. Rbc1 Red6 25. Rxd6 Rxd6 26. c5 bxc5 27.
Rxc5 Qd8 28. Qc3 Bb7 29. Rc7 Rd7 30. Rxd7 Qxd7 31. Qa5 Qe6 32. Qd8+ Qe8 33. Qb6
Qc8 34. Nf5 Nd5 35. Qd6 g6 36. Qxd5 gxf5 37. Qe5 Qd7 38. h4 h6 39. Bc4 Qc6 40.
Bf1 Qe4 41. Qf6 Qe6 42. Qd8+ Kh7 43. Qc7 Qd5 44. Kh2 a5 45. f3 Bc6 46. Qf4 f6
47. Kh3 Qe5 48. Qc4 Bd5 49. Qa4 Be6 50. f4 Qe3+ 51. g3 Qe4 52. Qxe4 fxe4+ 53.
g4 f5 54. gxf5 Bxf5+ 55. Kg3 Kg6 56. Be2 Bd7 57. Kf2 Kf5 58. Ke3 Bc6 59. Bh5
Bb7 60. Be8 Kg4 61. h5 Ba8 62. Bg6 Bb7 63. Bxe4 Bc8 64. Bg6 Bb7 65. f5 Kg5 66.
Kd4 Kf6 67. Kc5 Be4 68. Kb5 Bxf5 69. Bxf5 Kxf5 70. Kxa5 Kg4 71. Kb6 Kxh5 72. a4
Kg4 73. a5 h5 74. a6 h4 75. a7 Kh3 76. a8=Q Kh2 77. Qa2+ 1-0

[Event "2nd 4NCL Spring Bank Holiday Congress"]
[Site "Basingstoke"]
[Date "2019.05.27"]
[Round "6.5"]
[White "Okhai, Shabir"]
[Black "Ogunshola, Olugbemiga (Ben)"]
[Result "1-0"]
[WhiteElo "2082"]
[BlackElo "2184"]
[PlyCount "131"]
[EventDate "2019.05.24"]

1. e4 c5 2. Nf3 d6 3. Bb5+ Bd7 4. c4 Nf6 5. Nc3 g6 6. d4 cxd4 7. Nxd4 Bg7 8.
O-O Nc6 9. Bxc6 Bxc6 10. Qd3 O-O 11. b3 Qa5 12. Bb2 Rfc8 13. Rfd1 Qh5 14. f3
Be8 15. Rab1 a6 16. a4 Rc7 17. Nde2 Rb8 18. Nf4 Qc5+ 19. Kh1 b5 20. cxb5 axb5
21. Ncd5 Nxd5 22. Nxd5 Rcb7 23. Bxg7 Kxg7 24. b4 Qf2 25. Qc3+ Kg8 26. a5 f6 27.
Rd2 Qa7 28. Rc1 Bf7 29. Qd4 Qxd4 30. Rxd4 Bxd5 31. exd5 Kf7 32. Kg1 Ke8 33. Rd2
Kd7 34. Rdc2 Re8 35. Kf2 e6 36. dxe6+ Rxe6 37. Re2 Re5 38. Rxe5 fxe5 39. Ke3
Ke6 40. f4 exf4+ 41. Kxf4 Kd5 42. Kg5 Kd4 43. Rc6 Kd5 44. Rc8 Re7 45. Rc2 Re4
46. a6 Re7 47. Rd2+ Kc4 48. Rxd6 Kxb4 49. Rb6 Ra7 50. Rb7 Rxa6 51. Rxh7 Rb6 52.
g4 Kc3 53. Rc7+ Kd3 54. Rd7+ Ke4 55. h4 b4 56. Rd1 b3 57. Rb1 b2 58. h5 gxh5
59. gxh5 Ke5 60. h6 Kd4 61. h7 Rb5+ 62. Kg4 Rb8 63. Rxb2 Rh8 64. Rb7 Ke5 65.
Kg5 Ke6 66. Kg6 1-0

[Event "2nd 4NCL Spring Bank Holiday Congress"]
[Site "Basingstoke"]
[Date "2019.05.27"]
[Round "6.6"]
[White "Kett, Timothy J"]
[Black "Verma, Aditya"]
[Result "1-0"]
[WhiteElo "2208"]
[BlackElo "2103"]
[PlyCount "45"]
[EventDate "2019.05.24"]

1. e4 c5 2. b3 Nc6 3. Bb2 d6 4. Bb5 Bd7 5. Ne2 Nf6 6. d3 e5 7. O-O g6 8. f4 Ng4
9. Rf3 Nd4 10. Bxd7+ Qxd7 11. Nxd4 cxd4 12. c3 d5 13. cxd4 dxe4 14. dxe4 exd4
15. h3 Ne3 16. Qxd4 Qxd4 17. Bxd4 Nc2 18. Bxh8 Bc5+ 19. Kh2 Ke7 20. Bb2 Rd8 21.
Rc3 Bg1+ 22. Kxg1 Nxa1 23. Rc1 1-0

[Event "2nd 4NCL Spring Bank Holiday Congress"]
[Site "Basingstoke"]
[Date "2019.05.27"]
[Round "6.7"]
[White "Villiers, Thomas"]
[Black "Goater, Kevin P"]
[Result "1/2-1/2"]
[WhiteElo "2195"]
[BlackElo "2084"]
[PlyCount "75"]
[EventDate "2019.05.24"]

1. d4 g6 2. e4 Bg7 3. Nc3 c5 4. dxc5 Bxc3+ 5. bxc3 Qa5 6. Qd4 Nf6 7. Qb4 Nc6 8.
Qxa5 Nxa5 9. Bd3 O-O 10. f4 b6 11. e5 Bb7 12. Ne2 Nh5 13. cxb6 Bxg2 14. Rg1 Bd5
15. bxa7 Rxa7 16. Ba3 Re8 17. Bb4 Nc4 18. a4 f6 19. exf6 exf6 20. f5 Nf4 21.
fxg6 hxg6 22. Rg4 g5 23. Bc5 Rc7 24. Kf2 Ne5 25. Rxf4 Nxd3+ 26. cxd3 gxf4 27.
Bd4 f3 28. Ng1 Kf7 29. c4 Bc6 30. Nxf3 Rb7 31. a5 Rb3 32. Ne1 Rh8 33. Kg3 Rbb8
34. h4 Rbg8+ 35. Kh3 d5 36. Bf2 dxc4 37. dxc4 Rh5 38. a6 1/2-1/2

[Event "2nd 4NCL Spring Bank Holiday Congress"]
[Site "Basingstoke"]
[Date "2019.05.27"]
[Round "6.8"]
[White "Mccullough, Simon L"]
[Black "Bhatia, Kanwal K"]
[Result "1-0"]
[WhiteElo "2109"]
[BlackElo "2046"]
[PlyCount "75"]
[EventDate "2019.05.24"]

1. Nf3 d5 2. b3 c5 3. e3 Nc6 4. Bb2 e6 5. Be2 Nf6 6. O-O Be7 7. d4 cxd4 8. Nxd4
O-O 9. c4 Qc7 10. cxd5 Nxd5 11. Nxc6 Qxc6 12. Bf3 Rd8 13. Qe2 a5 14. Rc1 Qe8
15. Nc3 Nb4 16. Rd1 Rb8 17. Rxd8 Bxd8 18. Rd1 b6 19. Qd2 Be7 20. a3 Na6 21. Ne4
Qf8 22. Nd6 f6 23. g3 Nc5 24. b4 axb4 25. axb4 Na6 26. Bc3 Bxd6 27. Qxd6 Qxd6
28. Rxd6 Kf7 29. b5 Nc7 30. Bc6 e5 31. Rd8 Ne6 32. Re8 Nc7 33. Rh8 Ke6 34. e4
h6 35. Bb4 Na8 36. Re8+ Kf7 37. Re7+ Kg6 38. Ra7 1-0

[Event "2nd 4NCL Spring Bank Holiday Congress"]
[Site "Basingstoke"]
[Date "2019.05.27"]
[Round "6.9"]
[White "Seymour, Timothy P"]
[Black "Ther, Mate"]
[Result "1/2-1/2"]
[WhiteElo "2130"]
[BlackElo "1935"]
[PlyCount "113"]
[EventDate "2019.05.24"]

1. Nf3 Nf6 2. d4 e6 3. e3 b6 4. Bd3 Bb7 5. O-O Be7 6. c4 O-O 7. Nc3 d6 8. Re1
Nbd7 9. e4 c5 10. e5 Ng4 11. exd6 Bxd6 12. Bxh7+ Kxh7 13. Ng5+ Kg8 14. Qxg4 Nf6
15. Qh3 cxd4 16. Nce4 Bxe4 17. Rxe4 Re8 18. Rh4 Kf8 19. Bf4 Rc8 20. Re1 Bxf4
21. Rxf4 Kg8 22. Rh4 Kf8 23. Rh8+ Ng8 24. Rxg8+ Kxg8 25. Qh7+ Kf8 26. Qh8+ Ke7
27. Qxg7 Kd7 28. Nxf7 Qe7 29. Qxd4+ Kc7 30. Qe5+ Kc6 31. Qe4+ Kc7 32. Qf4+ Kc6
33. Ne5+ Kc7 34. Rd1 Rf8 35. Ng6+ Rxf4 36. Nxe7 Re8 37. Ng6 Rxc4 38. Ne5 Rd8
39. Rb1 Rc2 40. h4 Rf8 41. Nd3 Rd2 42. Rc1+ Kb7 43. Rc3 Rc8 44. Rb3 Rc4 45. g3
Kc7 46. h5 Kd6 47. h6 Rc8 48. g4 Rg8 49. f3 Rc8 50. Rc3 Rg8 51. a3 Rg6 52. Nf2
Kd7 53. h7 Rh6 54. Ne4 Rdh2 55. g5 Rh1+ 56. Kf2 Rg6 57. Kg2 1/2-1/2

[Event "2nd 4NCL Spring Bank Holiday Congress"]
[Site "Basingstoke"]
[Date "2019.05.27"]
[Round "6.10"]
[White "Jamroz, Krzysztof"]
[Black "Jones, Steven A"]
[Result "0-1"]
[WhiteElo "1971"]
[BlackElo "2128"]
[PlyCount "102"]
[EventDate "2019.05.24"]

1. e4 c5 2. Nf3 Nc6 3. c3 Nf6 4. e5 Nd5 5. Bc4 e6 6. d4 cxd4 7. cxd4 d6 8. Qe2
Be7 9. O-O O-O 10. Nc3 dxe5 11. dxe5 Nxc3 12. bxc3 b6 13. Qe4 Bb7 14. Bd3 g6
15. Qe3 Qc7 16. Re1 Rfd8 17. Be4 Bf8 18. h4 Ne7 19. Bxb7 Qxb7 20. h5 Nf5 21.
Qf4 Rd3 22. hxg6 hxg6 23. Ng5 Bh6 24. Qh2 Kg7 25. g4 Rh8 26. gxf5 Bxg5 27. f6+
Kg8 28. Qg2 Qxg2+ 29. Kxg2 Bxc1 30. Raxc1 Rh4 31. c4 Rg4+ 32. Kf1 Ra3 33. c5
bxc5 34. Rxc5 g5 35. Rc8+ Kh7 36. Rf8 Kg6 37. Rg8+ Kf5 38. Rg7 Rh3 39. f3 Rxf3+
40. Ke2 Ra3 41. Rb1 Rxa2+ 42. Kf1 Rh2 43. Rb5 Rc4 44. Kg1 Rd2 45. Rb1 Rd7 46.
Rf1+ Rf4 47. Re1 a5 48. Rg8 Rd5 49. Rf8 Rxe5 50. Rxe5+ Kxe5 51. Rxf7 a4 0-1

[Event "2nd 4NCL Spring Bank Holiday Congress"]
[Site "Basingstoke"]
[Date "2019.05.27"]
[Round "6.11"]
[White "Nettleton, Charlie B"]
[Black "Goodger, Martyn"]
[Result "0-1"]
[WhiteElo "2064"]
[BlackElo "2043"]
[PlyCount "98"]
[EventDate "2019.05.24"]

1. d4 e6 2. e4 d5 3. Nc3 dxe4 4. Nxe4 Qd5 5. Bd3 Nf6 6. f3 Nc6 7. c3 Be7 8. Ne2
O-O 9. Qc2 h6 10. Bd2 e5 11. c4 Qd8 12. d5 Nb4 13. Nxf6+ Kh8 14. Qb3 Nxd3+ 15.
Qxd3 Bxf6 16. O-O-O b5 17. c5 a5 18. Ng3 b4 19. Be3 Bg5 20. Rhe1 f5 21. Bxg5
Qxg5+ 22. Qd2 Qh4 23. Kb1 b3 24. a3 Qxh2 25. Qf2 f4 26. Ne4 Qh5 27. d6 cxd6 28.
cxd6 Bd7 29. Nc3 Ra6 30. Ka1 Qg6 31. Qc5 Rc8 32. Qxe5 Re8 33. Qxf4 Rxe1 34.
Qf8+ Kh7 35. Rxe1 Rxd6 36. Ne4 Rc6 37. Rd1 Bf5 38. Nc5 Rc8 39. Qe7 Bc2 40. Rc1
Re8 41. Qc7 Qxg2 42. Qxa5 Qxf3 43. Qb4 Qe3 44. Rf1 Qe2 45. Rg1 Rd8 46. Rc1 Rd1
47. Qf4 Qe1 48. Nxb3 Bxb3 49. Qf5+ g6 0-1

[Event "2nd 4NCL Spring Bank Holiday Congress"]
[Site "Basingstoke"]
[Date "2019.05.27"]
[Round "6.12"]
[White "Xian, Junhao"]
[Black "Skettos, Nicolas"]
[Result "1-0"]
[WhiteElo "2044"]
[BlackElo "1830"]
[PlyCount "123"]
[EventDate "2019.05.24"]

1. d4 d5 2. c4 dxc4 3. Nf3 Nf6 4. e3 Bg4 5. Bxc4 e6 6. Qb3 Bxf3 7. gxf3 Qc8 8.
Nc3 Nc6 9. f4 Na5 10. Qa4+ Nc6 11. Be2 Be7 12. Bf3 Qd7 13. Bd2 Nb4 14. Ke2 c6
15. a3 Nbd5 16. b4 Nxc3+ 17. Bxc3 Nd5 18. Bd2 O-O 19. Qc2 f5 20. h4 b6 21. Rhc1
Rac8 22. h5 h6 23. Qa4 Qb7 24. Rab1 b5 25. Qb3 Qd7 26. Rb2 Rc7 27. Rbc2 Rfc8
28. Kf1 Nb6 29. Be1 Nc4 30. Rxc4 bxc4 31. Qxc4 Qd6 32. Qa6 Rb8 33. Rxc6 Rxc6
34. Qxc6 Qxc6 35. Bxc6 Kf7 36. Bd2 Rc8 37. Ba4 g6 38. hxg6+ Kxg6 39. Ke2 Kf7
40. Bb3 h5 41. e4 fxe4 42. f5 Kf6 43. Bxe6 Rd8 44. f4 exf3+ 45. Kxf3 Bd6 46.
Be1 Kg5 47. Bd2+ Kf6 48. a4 Rh8 49. Kg2 Rh7 50. Kh3 Rg7 51. Be1 Bf4 52. Bh4+
Bg5 53. Bg3 Rb7 54. b5 Be3 55. d5 Bg5 56. d6 Kg7 57. Be1 Bf6 58. Ba5 Rb8 59.
Bc7 Rh8 60. a5 Bd8 61. b6 axb6 62. axb6 1-0

[Event "2nd 4NCL Spring Bank Holiday Congress"]
[Site "Basingstoke"]
[Date "2019.05.27"]
[Round "6.13"]
[White "Jukes, Sam"]
[Black "Royal, Shreyas"]
[Result "0-1"]
[WhiteElo "1860"]
[BlackElo "1993"]
[PlyCount "42"]
[EventDate "2019.05.24"]

1. e4 e5 2. Nf3 Nc6 3. Bc4 Bc5 4. c3 Nf6 5. d3 O-O 6. Bb3 d5 7. Qe2 a5 8. Ba4
Bg4 9. h3 Bh5 10. g4 Bg6 11. Bxc6 bxc6 12. Nxe5 dxe4 13. d4 Bd6 14. Bg5 Bxe5
15. dxe5 Qd5 16. Rh2 Nd7 17. Nd2 Nxe5 18. c4 Nd3+ 19. Kf1 Qxg5 20. Nxe4 Bxe4
21. Qxe4 Qe5 0-1

[Event "2nd 4NCL Spring Bank Holiday Congress"]
[Site "Basingstoke"]
[Date "2019.05.27"]
[Round "6.14"]
[White "Chapman, Matt"]
[Black "Brown, Tom"]
[Result "0-1"]
[WhiteElo "1961"]
[BlackElo "2086"]
[PlyCount "94"]
[EventDate "2019.05.24"]

1. e4 g6 2. d4 Bg7 3. Nf3 d6 4. Bc4 Nf6 5. Qe2 O-O 6. e5 dxe5 7. dxe5 Nd5 8.
O-O Bg4 9. Nbd2 Nc6 10. Qe4 Bxf3 11. Nxf3 Nb6 12. Bb3 Na5 13. Be3 Nxb3 14. Rad1
Qc8 15. axb3 c6 16. c4 Qf5 17. Qxf5 gxf5 18. Bc5 Rfe8 19. Rd3 Red8 20. Rfd1
Rxd3 21. Rxd3 Kf8 22. Nd4 Bxe5 23. Nxf5 Bf6 24. Kf1 Ke8 25. Re3 Nc8 26. Nd6+
Nxd6 27. Bxd6 Rd8 28. Bb4 Rd1+ 29. Ke2 Rb1 30. Ba3 e6 31. Rd3 Bxb2 32. Bxb2
Rxb2+ 33. Kf3 a5 34. g4 Ra2 35. h3 Ra3 36. Ke2 b5 37. Rd6 Rxb3 38. Rxc6 b4 39.
Ra6 Ra3 40. c5 Kd7 41. Ra7+ Kc6 42. Rxf7 b3 43. Kd2 b2 44. Kc2 Rb3 45. Kb1 a4
46. Rxh7 a3 47. Ra7 Rc3 0-1

[Event "2nd 4NCL Spring Bank Holiday Congress"]
[Site "Basingstoke"]
[Date "2019.05.27"]
[Round "6.15"]
[White "Moore, Gerald"]
[Black "Zhu, Yaoyao"]
[Result "1-0"]
[WhiteElo "2057"]
[BlackElo "1839"]
[PlyCount "95"]
[EventDate "2019.05.24"]

1. Nf3 Nf6 2. c4 g6 3. Nc3 Bg7 4. e4 d6 5. d4 O-O 6. Be2 e5 7. d5 a5 8. Bg5 Na6
9. Nd2 Qe8 10. O-O Bd7 11. Rb1 Kh8 12. b3 Ng8 13. a3 f5 14. f3 f4 15. b4 axb4
16. axb4 h6 17. Bh4 g5 18. Bf2 Nf6 19. c5 Rg8 20. c6 bxc6 21. dxc6 Bxc6 22. b5
Bb7 23. bxa6 Bxa6 24. Bxa6 Rxa6 25. Nd5 Nxd5 26. exd5 g4 27. Ne4 Qg6 28. Qe2
Ra3 29. fxg4 Re3 30. Bxe3 Qxe4 31. Qf3 Qxe3+ 32. Qxe3 fxe3 33. Rfe1 e4 34. Rbd1
Be5 35. Rxe3 Rxg4 36. g3 Kg7 37. Kg2 Kf6 38. h3 Rg5 39. g4 h5 40. Rxe4 hxg4 41.
hxg4 Bc3 42. Kh3 Ba5 43. Kh4 Re5 44. Rf1+ Kg6 45. Rxe5 dxe5 46. g5 e4 47. Rf6+
Kg7 48. Re6 1-0

[Event "2nd 4NCL Spring Bank Holiday Congress"]
[Site "Basingstoke"]
[Date "2019.05.27"]
[Round "6.16"]
[White "Purdon, Colin"]
[Black "Jaufarally, Nadia"]
[Result "0-1"]
[WhiteElo "2055"]
[BlackElo "1945"]
[PlyCount "106"]
[EventDate "2019.05.24"]

1. d4 Nf6 2. c4 g6 3. Nc3 Bg7 4. e4 d6 5. Nf3 O-O 6. h3 e5 7. d5 a5 8. Bg5 Na6
9. Nd2 Qe8 10. Be2 Nd7 11. a3 Nb6 12. O-O Bd7 13. Rc1 a4 14. Nb5 f6 15. Bh4 Bh6
16. Nc3 Nc5 17. Bg3 f5 18. Rc2 Bxd2 19. Qxd2 f4 20. Bh2 Nb3 21. Qd1 Nd4 22. Rc1
f3 23. Bxf3 Nxf3+ 24. gxf3 Bxh3 25. Re1 Nxc4 26. Qe2 b5 27. Nxb5 Qxb5 28. Rxc4
Rab8 29. Rxc7 Qxe2 30. Rxe2 Rxf3 31. Bg3 Rd3 32. Rec2 Bg4 33. R7c3 Rxc3 34.
Rxc3 Rxb2 35. f3 Rb3 36. Rc6 Rxf3 37. Kg2 Rxa3 38. Rxd6 Bf3+ 39. Kf2 Bxe4 40.
Bxe5 Rf3+ 41. Ke2 Rf5 42. Rd8+ Rf8 43. Rd6 Re8 44. Re6 Rxe6 45. dxe6 a3 46. Ke3
Bd5 47. e7 Kf7 48. Kf4 Kxe7 49. Kg5 Ke6 50. Bc3 Be4 51. Kh6 Kd5 52. Kxh7 g5+
53. Kh6 g4 0-1

[Event "2nd 4NCL Spring Bank Holiday Congress"]
[Site "Basingstoke"]
[Date "2019.05.27"]
[Round "6.17"]
[White "Chakanyuka, Charles"]
[Black "Lubarto, Michael"]
[Result "1/2-1/2"]
[WhiteElo "2034"]
[BlackElo "1883"]
[PlyCount "43"]
[EventDate "2019.05.24"]

1. c4 c5 2. Nc3 d6 3. Nf3 g6 4. d3 Bg7 5. e4 Nc6 6. Be2 Nf6 7. O-O Ng4 8. Bg5
h6 9. Bf4 g5 10. Bg3 Nge5 11. Nxe5 Nxe5 12. f4 gxf4 13. Bxf4 Ng6 14. Be3 Be6
15. Nd5 Qd7 16. Rb1 Ne5 17. b4 Ng4 18. Bxg4 Bxg4 19. Qd2 b6 20. bxc5 dxc5 21.
Qf2 Be6 22. Qg3 1/2-1/2

[Event "2nd 4NCL Spring Bank Holiday Congress"]
[Site "Basingstoke"]
[Date "2019.05.27"]
[Round "6.18"]
[White "Akeya-Price, Robert A"]
[Black "Vaidya, Raghav"]
[Result "1/2-1/2"]
[WhiteElo "1962"]
[BlackElo "1472"]
[PlyCount "140"]
[EventDate "2019.05.24"]

1. Nf3 Nf6 2. g3 b6 3. Bg2 Bb7 4. O-O e6 5. c4 Be7 6. b3 O-O 7. Bb2 c6 8. d4 d5
9. Ne5 Nbd7 10. f4 Nxe5 11. fxe5 dxc4 12. exf6 Bxf6 13. bxc4 Qc7 14. Qb3 Rad8
15. e3 Rd7 16. Nd2 c5 17. Bxb7 Qxb7 18. Nf3 Qe4 19. Rad1 Rfd8 20. Qd3 Qg4 21.
Kg2 cxd4 22. exd4 Qh5 23. Qe2 Qa5 24. Ba1 Qa4 25. Rfe1 Rc8 26. Rc1 Rdc7 27. Ne5
Bxe5 28. Qxe5 Rxc4 29. d5 f6 30. Qxe6+ Kf8 31. Rxc4 Qxa2+ 32. Kh3 Qxc4 33. Qe7+
Kg8 34. d6 Qd5 35. Qe6+ Qxe6+ 36. Rxe6 Rd8 37. Bb2 Rd7 38. Ba3 Kf7 39. Re3 Rb7
40. Rb3 Rd7 41. Kg4 Rb7 42. Kf5 g6+ 43. Ke4 Ke6 44. Kd4 Kd7 45. Kd5 Rb8 46. Rc3
Re8 47. Rc7+ Kd8 48. Re7 Rxe7 49. dxe7+ Kd7 50. g4 b5 51. h4 a5 52. Bc5 b4 53.
Kc4 f5 54. g5 f4 55. Kd4 b3 56. Ba3 b2 57. Bxb2 Kxe7 58. Ke4 Ke6 59. Kxf4 Kd5
60. Ke3 Ke6 61. Ke4 a4 62. Ba3 Kf7 63. Kd5 Kg8 64. Kc5 Kf7 65. Kb5 Ke6 66. Kxa4
Kf5 67. Kb5 Kg4 68. Kc6 Kxh4 69. Be7 Kh5 70. Kd5 h6 1/2-1/2

[Event "2nd 4NCL Spring Bank Holiday Congress"]
[Site "Basingstoke"]
[Date "2019.05.27"]
[Round "6.19"]
[White "Goh, Zi Han"]
[Black "Carter, Rebecca"]
[Result "1-0"]
[WhiteElo "1912"]
[BlackElo "1598"]
[PlyCount "71"]
[EventDate "2019.05.24"]

1. d4 d5 2. c4 c6 3. Nc3 Nf6 4. Nf3 dxc4 5. a4 Bf5 6. e3 e6 7. Bxc4 Bb4 8. O-O
O-O 9. Qe2 Bg4 10. Rd1 Nbd7 11. h3 Bxf3 12. Qxf3 Rc8 13. e4 e5 14. Be3 Qa5 15.
Rdc1 Rfd8 16. Bb3 Nb6 17. dxe5 Qxe5 18. a5 Nbd7 19. Bf4 Qe7 20. Bc2 Re8 21. Re1
Bd6 22. Bg3 Bxg3 23. Qxg3 Rcd8 24. f4 Qb4 25. Rab1 Qxa5 26. e5 Nd5 27. Ne4 Re6
28. Kh1 Rg6 29. Qf3 Re6 30. Ng5 Rh6 31. Ne4 Re6 32. Nd6 Qb4 33. Re4 Qb6 34. Re2
Qb4 35. Rf1 Qxb2 36. Bxh7+ 1-0

[Event "2nd 4NCL Spring Bank Holiday Congress"]
[Site "Basingstoke"]
[Date "2019.05.27"]
[Round "6.20"]
[White "Gibson, Christopher A"]
[Black "Forster, Matthew"]
[Result "1/2-1/2"]
[WhiteElo "1846"]
[BlackElo "1861"]
[PlyCount "57"]
[EventDate "2019.05.24"]

1. e4 c5 2. Nf3 g6 3. d4 cxd4 4. Nxd4 Bg7 5. c4 Nc6 6. Be3 Nf6 7. Nc3 O-O 8.
Be2 d6 9. Qd2 Nxd4 10. Bxd4 Bd7 11. O-O a5 12. Rad1 Bc6 13. f3 Nd7 14. Be3 a4
15. f4 Bxc3 16. Qxc3 Bxe4 17. f5 Qa5 18. Qc1 Nf6 19. fxg6 fxg6 20. Rd4 Bc6 21.
Rh4 Rad8 22. Bd4 e5 23. Be3 Rf7 24. Bg5 Rdf8 25. Bh6 Qc5+ 26. Be3 Qa5 27. Bh6
Qc5+ 28. Be3 Qa5 29. Bh6 1/2-1/2

[Event "2nd 4NCL Spring Bank Holiday Congress"]
[Site "Basingstoke"]
[Date "2019.05.27"]
[Round "6.21"]
[White "Simpson, Derek"]
[Black "Freeland, Alexander"]
[Result "0-1"]
[WhiteElo "1655"]
[BlackElo "2046"]
[PlyCount "80"]
[EventDate "2019.05.24"]

1. e4 e6 2. d3 d5 3. Nd2 Nf6 4. g3 Nc6 5. Bg2 Bc5 6. Ngf3 O-O 7. O-O b6 8. h3
dxe4 9. Nxe4 Nxe4 10. dxe4 Ba6 11. Re1 Nb4 12. a3 Qxd1 13. Rxd1 Nxc2 14. Rb1
Rad8 15. Bf4 Rxd1+ 16. Rxd1 Bb7 17. Ne5 Nd4 18. Nf3 Ne2+ 19. Kf1 Nxf4 20. gxf4
Bxe4 21. b4 Bd6 22. Ne5 Bxg2+ 23. Kxg2 f6 24. Nc4 Rd8 25. b5 Kf7 26. a4 Ke7 27.
Kf3 Bc5 28. Rxd8 Kxd8 29. Ke2 Kd7 30. f3 c6 31. Kd3 Bd6 32. Ke4 g6 33. Ke3 cxb5
34. axb5 e5 35. fxe5 Bxe5 36. Kd3 Ke6 37. Ne3 Bf4 38. Nc2 Kd5 39. Nd4 Bd6 40.
Nb3 Be5 0-1

[Event "2nd 4NCL Spring Bank Holiday Congress"]
[Site "Basingstoke"]
[Date "2019.05.27"]
[Round "6.22"]
[White "Tart, Peter K"]
[Black "Chilton, James I"]
[Result "0-1"]
[WhiteElo "1944"]
[BlackElo "1728"]
[PlyCount "54"]
[EventDate "2019.05.24"]

1. e4 c5 2. Nc3 e6 3. f4 Nc6 4. Nf3 a6 5. g3 d5 6. d3 d4 7. Ne2 Nf6 8. Bg2 Be7
9. O-O h5 10. h3 b5 11. Nh2 Bb7 12. g4 hxg4 13. hxg4 Rxh2 14. Kxh2 Nxg4+ 15.
Kg1 Bh4 16. Ng3 Nh6 17. Qf3 Nb4 18. f5 Nxf5 19. Nxf5 exf5 20. Qxf5 Qe7 21. Bf4
Nxc2 22. Rac1 g6 23. Qh3 Ne3 24. Bxe3 dxe3 25. Qxe3 Bg5 26. Qxc5 Qxc5+ 27. Rxc5
Be3+ 0-1

[Event "2nd 4NCL Spring Bank Holiday Congress"]
[Site "Basingstoke"]
[Date "2019.05.27"]
[Round "6.23"]
[White "Ross, Stuart"]
[Black "Voiculescu-Holvad, Stefan"]
[Result "1-0"]
[WhiteElo "1599"]
[BlackElo "1640"]
[PlyCount "107"]
[EventDate "2019.05.24"]

1. e4 c5 2. Nf3 e6 3. d4 cxd4 4. Nxd4 a6 5. Bd3 Nf6 6. O-O Qc7 7. Qe2 d6 8. c4
Nbd7 9. Nc3 Be7 10. Nf3 O-O 11. Bf4 Ng4 12. h3 Nge5 13. Nxe5 Nxe5 14. Rfd1 Bd7
15. Rac1 Rac8 16. b3 Qb8 17. Bb1 Bc6 18. Be3 b5 19. cxb5 axb5 20. f4 Nd7 21.
Bd3 b4 22. Nb5 Bxb5 23. Bxb5 Qb7 24. Ba6 Qa8 25. Rxc8 Rxc8 26. Bxc8 Qxc8 27.
Rc1 Nc5 28. Qc2 Qb7 29. e5 Qe4 30. Qxe4 Nxe4 31. Rc8+ Bf8 32. exd6 Nxd6 33.
Rxf8+ Kxf8 34. Bc5 Ke7 35. Bxb4 Kd7 36. Bxd6 Kxd6 37. a4 Kc5 38. a5 h6 39. b4+
Kb5 40. Kf2 f6 41. h4 h5 42. Ke3 g6 43. g3 Ka6 44. Ke4 Kb5 45. Kd4 Kc6 46. a6
Kb6 47. b5 Kc7 48. a7 Kb7 49. b6 Ka8 50. Kc5 Kb7 51. Kd6 e5 52. fxe5 fxe5 53.
Kxe5 Ka8 54. Kf4 1-0

[Event "2nd 4NCL Spring Bank Holiday Congress"]
[Site "Basingstoke"]
[Date "2019.05.26"]
[Round "5.1"]
[White "Bukojemski, Adam"]
[Black "Jackson, James P"]
[Result "1/2-1/2"]
[WhiteElo "2182"]
[BlackElo "2388"]
[PlyCount "46"]
[EventDate "2019.05.24"]

1. e4 e5 2. Nf3 Nc6 3. Bb5 a6 4. Ba4 Nf6 5. O-O Be7 6. Re1 b5 7. Bb3 d6 8. c3
O-O 9. d4 Bg4 10. Be3 exd4 11. cxd4 d5 12. e5 Ne4 13. h3 Bh5 14. Nc3 Nxc3 15.
bxc3 Na5 16. g4 Bg6 17. Nd2 Nxb3 18. axb3 a5 19. f4 Bd3 20. Nf3 Be4 21. Nd2 Bd3
22. Nf3 Be4 23. Nd2 Bd3 1/2-1/2

[Event "2nd 4NCL Spring Bank Holiday Congress"]
[Site "Basingstoke"]
[Date "2019.05.26"]
[Round "5.2"]
[White "Siddharth, Jagadeesh"]
[Black "Merry, Alan B"]
[Result "1/2-1/2"]
[WhiteElo "2282"]
[BlackElo "2440"]
[PlyCount "119"]
[EventDate "2019.05.24"]

1. d4 e6 2. c4 c5 3. Nf3 cxd4 4. Nxd4 Nf6 5. Nc3 a6 6. g3 Qc7 7. Qd3 Nc6 8.
Nxc6 dxc6 9. Bg2 e5 10. O-O Be7 11. b3 Be6 12. Bb2 Nd7 13. Rac1 Rd8 14. Qf3 Qb8
15. Rfd1 O-O 16. e4 b5 17. Nd5 cxd5 18. cxd5 Bc5 19. Qe2 Qa7 20. Rf1 Bxd5 21.
exd5 Rfe8 22. Kh1 Nf6 23. Rcd1 Qb6 24. Qc2 Ng4 25. Rd2 Rc8 26. Bh3 Be3 27. Qd1
Bxd2 28. Bxg4 Bc3 29. Bxc8 Bxb2 30. Bd7 Rd8 31. Bh3 Bd4 32. Qf3 Qc5 33. Bg2 g6
34. Qf6 Rd6 35. Qg5 Kg7 36. Qe7 Rxd5 37. Qb7 Rd6 38. f4 exf4 39. Rxf4 Bf6 40.
Rf1 h5 41. Qe4 b4 42. Qf4 a5 43. Rc1 Qd4 44. Qxd4 Rxd4 45. Bf1 Rd2 46. Rc7 Be5
47. Rc5 f6 48. Rxa5 h4 49. gxh4 Rxh2+ 50. Kg1 Rxh4 51. Bc4 Rd4 52. a3 bxa3 53.
Rxa3 g5 54. Ra8 g4 55. Rg8+ Kh6 56. Bf7 Rf4 57. Kg2 f5 58. Rg6+ Kh7 59. Rg5 Bd6
60. Be6 1/2-1/2

[Event "2nd 4NCL Spring Bank Holiday Congress"]
[Site "Basingstoke"]
[Date "2019.05.26"]
[Round "5.3"]
[White "Hebden, Mark L"]
[Black "Kett, Timothy J"]
[Result "1-0"]
[WhiteElo "2433"]
[BlackElo "2208"]
[PlyCount "53"]
[EventDate "2019.05.24"]

1. d4 Nf6 2. Nc3 d5 3. Bf4 g6 4. e3 Bg7 5. h4 c5 6. Nb5 Na6 7. c3 O-O 8. a4 Bg4
9. f3 Bd7 10. g4 Bc6 11. Be5 Nd7 12. Bxg7 Kxg7 13. f4 Nc7 14. Nf3 b6 15. h5 a6
16. Nxc7 Qxc7 17. Bd3 Nf6 18. Ne5 Ne4 19. Bxe4 dxe4 20. g5 Rad8 21. Qd2 f6 22.
gxf6+ exf6 23. hxg6 Rh8 24. Nf7 hxg6 25. Nxh8 Rxh8 26. Rxh8 Kxh8 27. a5 1-0

[Event "2nd 4NCL Spring Bank Holiday Congress"]
[Site "Basingstoke"]
[Date "2019.05.26"]
[Round "5.4"]
[White "Harvey, Marcus R"]
[Black "Mccullough, Simon L"]
[Result "1-0"]
[WhiteElo "2412"]
[BlackElo "2109"]
[PlyCount "71"]
[EventDate "2019.05.24"]

1. d4 d5 2. c4 e6 3. Nf3 a6 4. cxd5 exd5 5. Bf4 Bd6 6. Bg3 Nf6 7. Nc3 O-O 8. e3
Bf5 9. Bd3 Bxd3 10. Qxd3 c6 11. Qf5 Bb4 12. Bh4 Qd7 13. Qd3 Ne4 14. O-O Qg4 15.
h3 Qe6 16. Ng5 Qh6 17. Ngxe4 Qxh4 18. Ng3 g6 19. e4 dxe4 20. Ncxe4 Qe7 21. a3
Ba5 22. b4 Bb6 23. Rfe1 Qd8 24. Rad1 Nd7 25. d5 c5 26. bxc5 Nxc5 27. Nxc5 Bxc5
28. Ne4 Bd6 29. Qc3 f5 30. Nxd6 Qxd6 31. Re6 Qd7 32. Rb6 Rf7 33. d6 Re8 34. Qd4
Rc8 35. Rdb1 Rd8 36. Qd5 1-0